Pharmacy management : (Record no. 21414)

MARC details
000 -LEADER
fixed length control field 01029cam a22002775a 4500
001 - CONTROL NUMBER
control field 15173334
005 - DATE AND TIME OF LATEST TRANSACTION
control field 20160315105637.0
008 - FIXED-LENGTH DATA ELEMENTS--GENERAL INFORMATION
fixed length control field 080204t2009 nyua frb 001 0 eng d
020 ## - INTERNATIONAL STANDARD BOOK NUMBER
International Standard Book Number 9780071494366 (pbk. : alk. paper)
020 ## - INTERNATIONAL STANDARD BOOK NUMBER
International Standard Book Number 0071494367 (pbk. : alk. paper)
040 ## - CATALOGING SOURCE
Original cataloging agency DNLM/DLC
Transcribing agency DLC
Modifying agency NLM
-- BAKER
-- BTCTA
-- YDXCP
-- C#P
-- DLC
-- EG-ScBUE
Language of cataloging eng
082 04 - DEWEY DECIMAL CLASSIFICATION NUMBER
Classification number 615.1068
Edition number 22
Item number PHA
245 00 - TITLE STATEMENT
Title Pharmacy management :
Remainder of title essentials for all practice settings /
Statement of responsibility, etc [edited by] Shane P. Desselle, David P. Zgarrick.
250 ## - EDITION STATEMENT
Edition statement 2nd ed.
260 ## - PUBLICATION, DISTRIBUTION, ETC. (IMPRINT)
Place of publication, distribution, etc New York :
Name of publisher, distributor, etc McGraw-Hill Medical,
Date of publication, distribution, etc c.2009.
300 ## - PHYSICAL DESCRIPTION
Extent xvii, 632 p. :
Other physical details ill. ;
Dimensions 24 cm.
500 ## - GENERAL NOTE
General note Rev. ed. of: Pharmacy management / Shane P. Desselle, David P. Zgarrick. c2005.
500 ## - GENERAL NOTE
General note Index : p. 611-632.
504 ## - BIBLIOGRAPHY, ETC. NOTE
Bibliography, etc Includes bibliographical references.
650 #7 - SUBJECT ADDED ENTRY--TOPICAL TERM
Topical term or geographic name as entry element Pharmacy management.
Source of heading or term BUEsh
9 (RLIN) 35142
651 ## - SUBJECT ADDED ENTRY--GEOGRAPHIC NAME
Source of heading or term BUEsh
653 ## - INDEX TERM--UNCONTROLLED
Resource For college Pharmacy
Arrived date list March2016
700 1# - ADDED ENTRY--PERSONAL NAME
Personal name Desselle, Shane P.,
Relator term editor.
700 1# - ADDED ENTRY--PERSONAL NAME
Personal name Zgarrick, David P.,
Relator term editor.
942 ## - ADDED ENTRY ELEMENTS (KOHA)
Source of classification or shelving scheme Dewey Decimal Classification
Holdings
Withdrawn status Item status Source of classification or shelving scheme Damaged status Not for loan Vendor Home library Current library Shelving location Date acquired Source of acquisition Cost, normal purchase price Serial Enumeration / chronology Total Checkouts Total Renewals Full call number Barcode Date last seen Date last borrowed Cost, replacement price Koha item type
    Dewey Decimal Classification       Central Library Central Library First floor 15/03/2016 Purchase 420.00 1 1 2 615.1068 PHA 000032043 15/07/2025 12/04/2021 525.00 Book - Borrowing